Genetics/ (Record no. 210919)

MARC details
000 -LEADER
fixed length control field 00585nam a22001937a 4500
005 - DATE AND TIME OF LATEST TRANSACTION
control field 20250409123305.0
010 ## - LCCN (DPL NO)
LC control number ENG-144538
020 ## - INTERNATIONAL STANDARD BOOK NUMBER
International Standard Book Number 9788189941079
Terms of availability 150.00
035 ## - SYSTEM CONTROL NUMBER
System control number EN-128070
037 ## - SOURCE OF ACQUISITION
Source of stock number/acquisition DBAD
082 ## - DEWEY DECIMAL CLASSIFICATION NUMBER
Classification number 576.5
Edition number 1st
100 ## - MAIN ENTRY--PERSONAL NAME
Personal name MEYYAN, R.P.
245 ## - TITLE STATEMENT
Title Genetics/
Statement of responsibility, etc R.P. Meyyan
250 ## - EDITION STATEMENT
Edition statement 1st
260 ## - PUBLICATION, DISTRIBUTION, ETC. (IMPRINT)
Place of publication, distribution, etc Kanyakumari
Name of publisher, distributor, etc Saras Publication
Date of publication, distribution, etc 1982
270 ## - ADDRESS
Address 114/35G, A.R.P. Camp Road, Periavilai, Kottar P.O., Nagercoil,
City Kanyakumari
Telephone number 09842123441
Postal code 629002
300 ## - PHYSICAL DESCRIPTION
Extent xiv, 465p.
Dimensions 22 cm(Pbk)
942 ## - ADDED ENTRY ELEMENTS (KOHA)
Source of classification or shelving scheme Dewey Decimal Classification
Item type English Books
Classification part 576.5
Call number suffix MEY
Edition 1
Holdings
Withdrawn status Lost status Not for loan Collection code Home library Current library Date acquired Source of acquisition Cost, normal purchase price Full call number Barcode Copy number Koha item type
    Not For Loan Non-fiction Patel Nagar Patel Nagar 09/04/2025 DBAD 150.00 576.5 MEY EN-128070 1 English Books

© Delhi Public Library
Hit Counter
free hit counter